00497cam a2200169ua 45000010005000000080039000050400009000440820013000531000035000662450072001012500009001732600034001823000016002166530027002326530048002597000020003073309111017n ii |||gr||||Z||||||asm cMAIN a891.45131 aGoswami, Manuj Kumar,eAuthor.11aPrithivir hesh station aru anya akhon chabicby Manuj Kumar Goswami a1st. aGuahati:bArch Prakashan,996. a111:c23cm. aAssamese short stories aPrithivir hesh station aru anya akhon chabi aMahanta, Maine,